| 000 | 00493nam a2200193Ia 4500 | ||
|---|---|---|---|
| 008 | 170918s9999 xx 000 0 und d | ||
| 020 | _a9780439866361 | ||
| 050 | _bB328 2004 | ||
| 100 | _aBateman, Teresa | ||
| 245 | _aApril foolishness / | ||
| 245 | _cby Teresa Bateman ; illustrated by Nadine Bernard Westcott. | ||
| 260 | _aNew York : | ||
| 260 | _bScholastic, | ||
| 260 | _c2004 | ||
| 300 | _aunpaged : | ||
| 300 | _bcolored illustration ; | ||
| 300 | _c21cm. | ||
| 500 | _a440 | ||
| 999 |
_c343006 _d343006 |
||